Sex for One

में बचाया:
ग्रंथसूची विवरण
मुख्य लेखक: Dodson Betty
स्वरूप: पुस्तक
भाषा:अज्ञात या अवैध भाषा
प्रकाशित: Milano Pratiche 2003
टैग: टैग जोड़ें
कोई टैग नहीं, इस रिकॉर्ड को टैग करने वाले पहले व्यक्ति बनें!

MARC

LEADER 00000nam a2200000Ia 4500
001 777
003 NUMERAZIONE-ORIGINALE-BRESCIA
005 20260206230754.0
008 260206s9999 xx 000 0 und d
100 |a Dodson Betty 
245 0 |a Sex for One 
260 |a Milano 
260 |b Pratiche 
260 |c 2003 
500 |a Le gioie dell'autoerotismo 
500 |a Pratica 
942 |2 ddc  |c BK  |n 0 
952 |0 0  |1 0  |2 ddc  |4 0  |6 13  |7 0  |9 28663  |a BS  |b BS  |d 2026-02-06  |i 777  |l 0  |o 1-3-*  |r 2026-02-06 22:40:39  |w 2026-02-06  |x [REVISIONARE]  |y BK 
999 |c 24321  |d 24321